The effects of the increasing popularity of the E-sports on the tourism in Hungary

Bibliographic Details
Main Author: Szittya Dániel
Other Authors: Székely György
Format: Thesis
Kulcsszavak:E-sport
Turizmus
Rendezvények
Online Access:http://dolgozattar.uni-bge.hu/17958

MARC

LEADER 00000nta a2200000 i 4500
001 dolg17958
005 20190225105619.0
008 181120suuuu hu om 000 eng d
040 |a BGE Dolgozattár Repozitórium  |b hun 
041 |a en 
100 1 |a Szittya Dániel 
245 1 4 |a The effects of the increasing popularity of the E-sports on the tourism in Hungary  |c Szittya Dániel  |h [elektronikus dokumentum] 
246 1 1 |a Az E-sportok népszerűségnövekedésének hatásai a magyarországi turizmusra 
246 1 1 |a The effects of the increasing popularity of the E-sports on the tourism in Hungary 
695 |a E-sport 
695 |a Turizmus 
695 |a Rendezvények 
700 1 |a Székely György  |e ths 
856 4 0 |u http://dolgozattar.uni-bge.hu/17958/7/Szittya_Daniel%20_IDSNHK_Dissertation.pdf  |z Dokumentum-elérés